000 00504nam a2200133 a 4500
008 120416s9999 ||||||||||||||||| || u
050 _aCBU-UG THESIS/MAK
100 _aMakungu, Nsama Robert
245 1 4 _aThe role of marketing in a free market economy
246 _aa case of Zambia Postal Services Corporation (ZAMPOST)
260 _a2002
350 _a0.00
995 _D0.00
_FCBU-MAIN LIBRARY (Kitwe)
_H1
_I0.00
_UAVAILABLE
_ZUniversity Collection
999 _c56683
_d56683